000 00443nam a2200157 4500
001 123306
003 ES-MaACL
005 20230906192140.0
007 t|
008 070214s1944 sp r ||||0| spa d
100 1 _aQuesada Pastor, Fernando.
_994570
245 1 0 _aDerecho Administrativo /
_credactado por Fernando Quesada Pastor.
260 _aMadrid :
_bReus,
_c1944.
300 _a296 p ;
_c23 cm.
852 _aES-MaACL
_jF-16067
_bR.20864
999 _c123306
_d123306